Movies Quiz

Random Movies or Clickable Quiz

One-Star Documentaries Quiz Stats

 Plays Quiz Updated Sep 5, 2017

Score 0/20 Timer 06:00
0 Plays Today
% Correct
March of the Penguins
91.6%
Grizzly Man
91.2%
Bowling for Columbine
88.5%
Super Size Me
88.4%
An Inconvenient Truth
87.9%
Cowspiracy: The Sustainability Secret
85.8%
Pumping Iron
84.7%
Fahrenheit 9|11
82.2%
Making a Murderer
76.8%
Catfish
71.5%
% Correct
Cave of Forgotten Dreams
70.4%
We Are Legion: The Story of the Hacktivists
68.8%
Vaxxed: From Cover-Up to Catastrophe
67.7%
Man on Wire
61.1%
Blackfish
56.6%
This Is It
54%
Jesus Camp
47%
Soaked in Bleach
42.9%
Fed Up
41.9%
The Summit
41.8%

You're not logged in!

Compare scores with friends on all Sporcle quizzes.
OR
Log In

You Might Also Like...

Show Comments

Extras

Top Quizzes Today


Score Distribution

Your Account Isn't Verified!

In order to create a playlist on Sporcle, you need to verify the email address you used during registration. Go to your Sporcle Settings to finish the process.

Report this User

Report this user for behavior that violates our Community Guidelines.

Details: